header

Hanging chads (Record no. 52060)

MARC details
000 -LEADER
fixed length control field 01399nam a2200349Ia 4500
082 04 - DEWEY DECIMAL CLASSIFICATION NUMBER
Classification number 324.973/0929
100 1# - MAIN ENTRY--AUTHOR NAME
Personal name Pleasants, Julian M.
245 10 - TITLE STATEMENT
Title Hanging chads
260 ## - PUBLICATION, DISTRIBUTION, ETC. (IMPRINT)
Place of publication New York :
Name of publisher Palgrave Macmillan,
Year of publication 2004.
300 ## - PHYSICAL DESCRIPTION
Number of Pages 293 p.
650 #0 - SUBJECT ADDED ENTRY--TOPICAL TERM
Topical Term Presidents
Topical Term Political campaigns
Topical Term Contested elections
Topical Term Contested elections
856 40 - ELECTRONIC LOCATION AND ACCESS
Uniform Resource Identifier http://site.ebrary.com/lib/rucke/Doc?id=10089179

No items available.

© 2026 Rongo University
Contact us: librarian | system librarian | Rongo university